LEADER 00984nam0-2200313 --450 001 9910598795003321 005 20221104143350.0 010 $a88-263-0534-X 100 $a20221104d1984----kmuy0itay5050 ba 101 1 $aita 102 $aIT 105 $a 001yy 200 1 $aSocietà aperta universo aperto$eFranz Kreuzer a colloquio con Karl R. Popper$ein occasione dell'ottantesimo compleanno del filosofo austriaco Karl Popper 210 $aRoma$cBorla$d1984 215 $a146 p.$d20 cm 225 1 $aEpistemologia contemporanea 300 $aTraduzione di Dario Antiseri 610 0 $aPopper, Karl R.$aInterviste 676 $a501$v23$zita 700 1$aPopper,$bKarl R.$0159114 702 1$aAntiseri,$bDario 702 1$aKreuzer,$bFranz 801 0$aIT$bUNINA$gREICAT$2UNIMARC 901 $aBK 912 $a9910598795003321 952 $aFONDO ROSSI 769$bROSSI 809$fFARBC 959 $aFARBC 996 $aSocietà aperta universo aperto$9274401 997 $aUNINA